Online Catalogue and eLibrary

The Rebel (Record no. 3325)

MARC details
000 -LEADER
fixed length control field 00332nam a2200145Ia 4500
005 - DATE AND TIME OF LATEST TRANSACTION
control field 20241220035537.0
008 - FIXED-LENGTH DATA ELEMENTS--GENERAL INFORMATION
fixed length control field 240331s9999 xx 000 0 und d
082 ## - DDC Classification
Item Number - Author Mark WIJ
Class No. 823
100 ## - MAIN ENTRY--PERSONAL NAME
Personal name Wijenaike, P
245 #4 - TITLE STATEMENT
Title The Rebel
260 ## - PUBLICATION, DISTRIBUTION, ETC.
Place of publication, distribution, etc. Colombo
Name of publisher, distributor, etc. Wesley Press
Date of publication, distribution, etc. 1979
300 ## - PHYSICAL DESCRIPTION
Extent (e.g. Volumes, Pages etc.) 155 p .,
650 ## - SUBJECT ADDED ENTRY--TOPICAL TERM
Topical term or geographic name entry element Short Stories
942 ## - Koha item type (Biblio)
Koha item type Books in Stacks (Lending)
Holdings
Lost status Damaged status Collection code Home library Current library Shelving location Date acquired Full call number Accession Number Item type
    Lending WERC Library WERC Library Social Science Cupboard 03/31/2024 823 WIJ 112 Books in Stacks (Lending)

© WERC Library